| 000 | 00332nam a22001337a 4500 | ||
|---|---|---|---|
| 020 | _a8121936152 | ||
| 082 |
_222 _a621.381042 |
||
| 100 | _aS.D, Mehta. | ||
| 245 | _aElectronic product design basic of PCB design / | ||
| 260 |
_aNew Delhi, _bS.Chand, _cc2011. |
||
| 300 |
_a99p. ; _bill. ; _c24 cm. |
||
| 400 | _av.1 | ||
| 942 |
_2ddc _cEE _03 |
||
| 999 |
_c954 _d954 |
||